000
00298nam a2200133Ia 4500
100
_a
Sonde/B.S
942
_c
BK
654
_a
transducers
245
_a
Transducers and display system
260
_b
Tata Mc Graw hill
_a
New Delhi
_c
1981
082
_a
621.381
_b
SON
546
_a
ENGLISH
999
_c
27498
_d
27498